Digitalization as a Strategic Tool for Entrepreneurship Survival and Crisis Management Lessons from Ukrainian MSEs

Uložené v:
Podrobná bibliografia
Hlavný autor: Holovko, Daria
Ďalší autori: Zollo, Lamberto
Médium: Kniha
Jazyk:English
Vydavateľské údaje: Leeds Emerald Publishing 2024
Vydanie:1st Edition
Predmet:
Tagy: Pridať tag
Žiadne tagy, Buďte prvý, kto otaguje tento záznam!

MARC

LEADER 00000nam a2200000 4500
001 0311646
005 20250819104331.8
020 |a 978-1-83797-681-2 
041 0 |a eng 
044 |a GB 
245 1 0 |a Digitalization as a Strategic Tool for Entrepreneurship Survival and Crisis Management  |b Lessons from Ukrainian MSEs  |c by Daria Holovko and Lamberto Zollo 
250 |a 1st Edition 
264 1 |a Leeds  |b Emerald Publishing  |c 2024 
300 |a 94 s. 
500 |a Emerald e-books. 
610 2 0 |a podnikanie 
610 2 0 |a podnikanie malé 
610 2 0 |a podnikanie stredné 
610 2 0 |a stabilizácia podniku 
610 2 0 |a politika podnikania 
610 2 0 |a manažment krízový 
610 2 0 |a digitalizácia 
610 2 0 |a Ukrajina 
100 1 |a Holovko, Daria 
700 1 |a Zollo, Lamberto